| 000 | 00402nam a2200157Ia 4500 | ||
|---|---|---|---|
| 008 | 210210b1999 xxu||||| |||| 00| 0 eng d | ||
| 020 | _a81 222 0234 9 | ||
| 082 | _a820.301 ANAL | ||
| 100 | _aANAND (Mulk Raj). | ||
| 245 | _aLajwanti and other stories. | ||
| 260 |
_aND _bOrient Paperbacks _c1999 |
||
| 300 | _a118 | ||
| 650 | _ashort stories | ||
| 690 | _aIndian English Fiction | ||
| 906 | _a059445 | ||
| 999 |
_c106509 _d106509 |
||